000
00286nam a2200121Ia 4500
008
190216s9999||||xx |||||||||||||| ||und||
100
_a
Carl Dauten
245
0
_a
Business Cycles And Forecasting
260
_b
South Asian Pubs
_c
1961
300
_a
566p
650
_a
Commerce
942
_c
BK
999
_c
4477
_d
4477